Mountains
| Main Author: | |
|---|---|
| Format: | Book |
| Published: |
Oxford :
Heinemann ,
1990
|
| Series: | Pocket Facts
|
| Subjects: |
MARC
| LEADER | 00000cam a2200000 7i4500 | ||
|---|---|---|---|
| 001 | 0000002749 | ||
| 002 | 000002979 | ||
| 005 | 20000330.0 | ||
| 020 | |a 0431009309 | ||
| 090 | 0 | 0 | |a 030 |b POC |
| 100 | 1 | |a Steele, Philip | |
| 245 | 1 | 0 | |a Mountains |c Philip Steele |
| 260 | |a Oxford : |b Heinemann , |c 1990 | ||
| 300 | |a 29p. : |b ill. ; |c 21cm. | ||
| 490 | 0 | |a Pocket Facts | |
| 650 | 0 | 0 | |a Curiosities and wonders |
| 999 | |a 036330 |b BUKU |c JUNIOR BOOKS |e PERPUSTAKAAN KOMUNITI CAW KOTA DAMANSARA | ||